000 00711nam a2200181Ia 4500
003 GCL
008 140319s9999 xx 000 0 ara d
040 _aGCL /
_cGCL
082 0 4 _a658.03
_bا ق
100 1 _aاسماعيل مصطفى العلاونة
245 1 0 _aقاموس الوطن :
_bالاقتصاد والمحاسبة والعلوم الادارية /
_cاسماعيل مصطفى العلاونة
260 _aالاردن :
_bدار اليازورى العلمية للنشر والتوزيع ،
_c2005
300 _a524 ص ؛
_c24 سم
650 0 4 _aالاقتصاد - معاجم
650 0 4 _aالادارة العامة - معاجم
650 0 4 _aمحاسبة - معاجم
942 _2ddc
_cBK
999 _c7401
_d7401